Words Ending in -SIS - Statistics

General Stats
  • This quiz has been taken 37 times
  • The average score is 8 of 12
Answer Stats
Hint Answer % Correct
A fertile or green area in a desert Oasis
97%
A long essay or dissertation written for a college degree Thesis
88%
A treatment for people with kidney problems, that filters and purifies the blood Dialysis
84%
A highly suggestive trancelike state induced by a magician or a psychiatrist Hypnosis
84%
A long-standing rival; an archenemy Nemesis
84%
A time of intense difficulty, trouble, or danger Crisis
78%
Stress laid on a word or words to indicate special meaning or particular importance Emphasis
72%
Technical term for bad breath Halitosis
69%
A brief statement giving a general view of a topic Synopsis
63%
A detailed examination of anything complex in order to understand its nature Analysis
56%
The justification for or reasoning behind something. Premise Basis
34%
Asexual Reproduction Mitosis
31%
No matching quizzes found
Score Distribution
Percent of People with Each Score
Percentile by Number Answered
Your Score History
You have not taken this quiz